| 000 | 01956nam a2200373 i 4500 | ||
|---|---|---|---|
| 001 | 000039512 | ||
| 003 | DO-SdBNP | ||
| 005 | 20250616110631.0 | ||
| 007 | ta | ||
| 008 | 130705s2006 dr 001 0 spa d | ||
| 040 |
_aDO-SdBNP _bspa _cBNPHU _erda |
||
| 049 | _aBNPD | ||
| 082 | 4 |
_a343.729304 _bR426c, 2006 _222 |
|
| 110 | 1 |
_aRepública Dominicana. _9447 |
|
| 240 | 1 | 0 | _a[Leyes, etc.] |
| 245 | 1 | 0 |
_aCódigo tributario de la República Dominicana : _binstituido por la ley 11-92 del 16 de Mayo de 1992 / _ccompilado por, Máximo A. Díaz. |
| 264 | 1 |
_aSanto Domingo : _bEditor no identificado, _c2006. |
|
| 300 |
_a102 páginas ; _c21 cm. |
||
| 336 |
_atexto _btxt _2rdacontent |
||
| 337 |
_asin mediación _bn _2rdamedia |
||
| 338 |
_avolumen _bnc _2rdacarrier |
||
| 500 | _aVersión actualizada por la ley no. 557-05 del 29 del 13 de diciembre del 2005. | ||
| 505 | 0 |
_aReglamentos -- _tNo. 139-98 para la aplicación del título II del Código Tributario de la República Dominicana del impuesto sobre la transferencias de bienes industrializados y servicios -ITBS -- _tNo. 140-98 para la aplicación del título II del Código Tributario de la República Dominicana del impuesto sobre la transferencia de bienes industrializados y servicios (ITBIS) -- _tNo. 79-03 para la aplicación del título IV del Código Tributario de la República Dominicana del impuesto selectivo al consumo. |
|
| 590 | _aInventariado, 2018/VM | ||
| 650 | 4 |
_aLey 11-92 _zRepublica Dominicana _955494 |
|
| 650 | 4 |
_aLey 557-05 _zRepublica Dominicana _965693 |
|
| 650 | 4 |
_aImpuestos _xLegislacion _zRepública Dominicana _955495 |
|
| 650 | 4 |
_aImpuestos _xAdministración y procesamiento _914513 |
|
| 650 | 4 |
_aImpuestos sobre la renta _xLegislacion _zRepública Dominicana _99399 |
|
| 650 | 4 |
_aDerecho fiscal _xLegislacion _zRepublica Dominicana _99397 |
|
| 700 | 1 |
_aDíaz, Máximo A., _ecompilador _4comp. _965694 |
|
| 910 | _aValidado. Control de calidad EMS | ||
| 942 |
_2ddc _cLBS1 |
||
| 999 |
_c39002 _d39002 |
||